|
|
|
|
| LEADER |
00000nab a2200000uu 4500 |
| 001 |
vtls010900455 |
| 003 |
SK-MaSNL |
| 005 |
20260303141840.0 |
| 008 |
230222|2005 xo |||||||||||||||||eng| |
| 015 |
|
|
|a SNBRB
|
| 035 |
|
|
|a (urnnbn)urn:nbn:sk:snk:ar-a07kzd
|
| 035 |
|
|
|a (uuid)f05b065f-733c-4165-ad5e-4d7eb6ca8c26
|
| 035 |
|
|
|a urn:nbn:sk:snk-ab8s6d
|
| 040 |
|
|
|a SNKBUCL
|b slo
|c SNKBUCL
|e AACR2
|
| 041 |
0 |
|
|a eng
|
| 044 |
|
|
|a xo
|c SK
|
| 100 |
1 |
|
|a Legéň, J.
|4 aut
|9 812175
|
| 245 |
1 |
0 |
|a Polypropylene fibres modified by copolyamides Part I. Preparation of modifed fibres and their properties
|c J. Legéň, J. Ryba, M. Krištofič, Z. Náčiniaková
|
| 700 |
1 |
|
|a Ryba, J.
|4 aut
|9 781816
|
| 700 |
1 |
|
|a Krištofič, M.
|4 aut
|9 781813
|
| 700 |
1 |
|
|a Náčiniaková, Z.
|4 aut
|9 1161178
|
| 773 |
0 |
|
|t Vlákna a textil
|g Roč. 12, č. 3 (2005), s. 104-110
|
| 958 |
|
|
|a OND
|
| 958 |
|
|
|a EUIPO
|
| 958 |
|
|
|a article10
|
| 999 |
|
|
|c 1979250
|d 1981180
|